Statystyki dla Największe miasta na Białorusi

Kliknij tutaj aby rozwiązać quiz!

Ogólne statystyki

  • Ten quiz został rozwiązany 206 razy
  • Średni wynik to 4 z 10

Statystyki odpowiedzi

Miasto Liczba ludności % poprawnych
Mińsk1 885 067
100%
Brześć320 920
76%
Grodno346 601
66%
Homel498 075
46%
Witebsk359 544
38%
Mohylew363 363
30%
Borysów145 879
27%
Baranowicze169 841
25%
Pińsk134 230
25%
Bobrujsk216 522
14%

Rozkład punktacji

Percentyl według liczby udzielonych odpowiedzi

Procent ludzi z każdym wynikiem

Twoja historia wyników

Nie rozwiązałeś tego quizu